[Event "Chelmsford, MA"]
[Site "?"]
[Date "2001.11.18"]
[Round "5"]
[White "Ibragimov Ildar"]
[Black "Foygel Igor"]
[Result "1/2-1/2"]
[WhiteElo "2688"]
[BlackElo "2558"]
[PlyCount "93"]
[EventDate "2001.??.??"]
[Source "www.chesslib.no"]
[SourceDate "2004.05.04"]

1. d4 Nf6 2. c4 d6 3. Nc3 Nbd7 4. e4 e5 5. Nf3 g6 6. Be2 Bg7 7. O-O O-O 8. Re1 c6 9. Bf1 exd4 10. Nxd4 Re8 11. Bf4 Ne5 12. Qd2 Nh5 13. Bg5 Qb6 14. Nb3 Be6 15. c5 dxc5 16. Na4 Qc7 17. Naxc5 Ng4 18. g3 h6 19. Nxe6 Rxe6 20. Be3 Nxe3 21. Rxe3 Nf6 22. Qc2 Ng4 23. Re2 h5 24. Bh3 Re7 25. f4 Qb6+ 26. Kh1 Rd8 27. Rae1 Bd4 28. Bxg4 hxg4 29. e5 c5 30. Rd2 Kg7 31. Nxd4 Rxd4 32. Rf2 Qc6+ 33. Kg1 Qd5 34. Qe2 Qe6 35. f5 gxf5 36. Qc2 Red7 37. Rxf5 Rd2 38. Qe4 R7d4 39. Rg5+ Kf8 40. Qh7 Ke7 41. Rg8 Kd7 42. Rf8 Kc6 43. Qxf7 Qxf7 44. Rxf7 Rxb2 45. Rf6+ Kc7 46. Rf7+ Kc6 47. Rf6+ 1/2-1/2

[Event "BL2-Sued 9900"]
[Site "Germany"]
[Date "1999.10.10"]
[Round "1.1"]
[White "Rausis, Igors"]
[Black "Krasenkow, Michal"]
[Result "1-0"]
[WhiteElo "2496"]
[BlackElo "2647"]
[PlyCount "81"]
[EventDate "1999.10.??"]
[Source "ChessBase"]
[SourceDate "2000.03.10"]

1. e4 g6 2. d4 Bg7 3. c4 d6 4. Nc3 Nd7 5. Nf3 e5 6. Be2 Ngf6 7. O-O O-O 8. Re1 c6 9. Rb1 a5 10. Be3 h6 11. h3 exd4 12. Bxd4 Qe7 13. Bf1 Ne5 14. Nh2 Nh5 15. Qd2 g5 16. Rbd1 Be6 17. b3 Nf4 18. Ne2 Nfd3 19. Bxe5 Nxe5 20. Qxd6 Qxd6 21. Rxd6 Rfd8 22. Red1 Rxd6 23. Rxd6 Nd7 24. Rd1 a4 25. f4 gxf4 26. Nxf4 Nc5 27. Nf3 axb3 28. axb3 Nxb3 29. Nxe6 fxe6 30. e5 Nc5 31. g4 Ra2 32. h4 Kf7 33. h5 Bf8 34. Rd4 Ra3 35. Rf4+ Ke8 36. Kg2 Ra2+ 37. Kg1 Be7 38. g5 hxg5 39. h6 Kd7 40. h7 Ra8 41. Rf7 1-0

[Event "Sao Paulo (zt_play off) 75/524"]
[Site "?"]
[Date "1999.??.??"]
[Round "?"]
[White "Sunye Neto, Jaime"]
[Black "Milos, Gilberto"]
[Result "0-1"]
[WhiteElo "2546"]
[BlackElo "2586"]
[PlyCount "88"]
[EventDate "1999.??.??"]
[Source "ChessBase"]
[SourceDate "1999.02.01"]

1. c4 g6 2. Nc3 Bg7 3. d4 d6 4. e4 Nf6 5. Be2 O-O 6. Nf3 Nbd7 7. O-O e5 8. Re1 c6 9. Bf1 Re8 10. d5 c5 11. a3 Re7 12. Rb1 Ne8 13. Bd3 Nf8 14. b4 b6 15. Qc2 Bg4 16. Nd2 Bh6 17. Nb3 Bxc1 18. Qxc1 Bd7 19. f4 exf4 20. Qxf4 f6 21. Nd2 g5 22. Qg3 Ng6 23. Bf1 Qc7 24. Qf2 Rf7 25. Rb3 Ng7 26. bxc5 bxc5 27. Reb1 Raf8 28. Qe3 Bc8 29. Rb8 Qe7 30. Nd1 Ne5 31. Ra8 Bg4 32. Rxf8+ Rxf8 33. Nf2 f5 34. Qb3 f4 35. h3 Bc8 36. Nf3 Ng6 37. Qc3 h5 38. Nh2 Ne8 39. Re1 Nf6 40. Be2 Ne5 41. Qd2 g4 42. hxg4 hxg4 43. Qxf4 Nh5 44. Qh6 g3 0-1

[Event "Kiev UKR"]
[Site "Kiev UKR"]
[Date "1984.??.??"]
[Round "?"]
[White "Taimanov, Mark E"]
[Black "Romanishin, Oleg M"]
[Result "0-1"]
[WhiteElo "2515"]
[BlackElo "2580"]
[PlyCount "116"]
[EventDate "1984.??.??"]
[Source "www.chesslib.no"]
[SourceDate "2004.05.04"]

1. d4 Nf6 2. c4 g6 3. Nc3 Bg7 4. e4 d6 5. Be2 Nbd7 6. Nf3 e5 7. O-O O-O 8. Re1 c6 9. Rb1 exd4 10. Nxd4 Re8 11. Bf1 Ng4 12. h3 Qb6 13. hxg4 Qxd4 14. Bf4 Qxd1 15. Rbxd1 Be5 16. Bc1 Nb6 17. f4 Bxc3 18. bxc3 d5 19. cxd5 Bxg4 20. Rd4 Nxd5 21. Bd2 Nc7 22. a4 c5 23. Rd3 Rad8 24. Be3 b6 25. a5 Rxd3 26. Bxd3 Rd8 27. axb6 axb6 28. Bf1 Rd1 29. Kf2 Rxe1 30. Kxe1 Bd7 31. Kd2 Kf8 32. Bf2 Bc6 33. Bd3 f6 34. Bg3 Ne8 35. Ke3 Ke7 36. Bh4 h6 37. Be1 Ng7 38. c4 Ne6 39. Bc3 Bb7 40. g3 Ba6 41. f5 gxf5 42. e5 fxe5 43. Bxe5 Nd4 44. Bg7 f4+ 45. gxf4 Bxc4 46. Bxh6 Bxd3 47. Kxd3 Nf5 48. Bg5+ Kd6 49. Bd8 b5 50. Ba5 Kd5 51. Kc3 Nd4 52. Kb2 b4 53. Ka2 Kc4 54. Bb6 Kb5 55. Ba7 Kc6 56. Bb8 Kd5 57. Be5 c4 58. Bh8 c3 0-1

[Event "Viljandi"]
[Site "Viljandi"]
[Date "1972.??.??"]
[Round "?"]
[White "Shamkovich, Leonid A"]
[Black "Suetin, Alexei S"]
[Result "1/2-1/2"]
[WhiteElo "2535"]
[BlackElo "2550"]
[PlyCount "95"]
[EventDate "1972.??.??"]
[Source "www.chesslib.no"]
[SourceDate "2004.05.04"]

1. c4 e5 2. Nc3 g6 3. d4 d6 4. Nf3 Nd7 5. e4 Bg7 6. Be2 Ngf6 7. O-O O-O 8. Re1 c6 9. d5 Nc5 10. Bf1 a5 11. Rb1 Qc7 12. b3 Ne8 13. Be3 f5 14. exf5 gxf5 15. Rc1 e4 16. Ng5 Be5 17. f4 Bf6 18. Qd2 Bd7 19. Qf2 Rd8 20. Bd4 Bc8 21. Rcd1 Qg7 22. Bxf6 Nxf6 23. Qd4 h6 24. Nh3 cxd5 25. Nxd5 Nxd5 26. Qxg7+ Kxg7 27. Rxd5 Be6 28. Rd4 Rd7 29. Red1 Rfd8 30. Kf2 d5 31. cxd5 Rxd5 32. Rxd5 Rxd5 33. Rxd5 Bxd5 34. Ke3 b6 35. Kd4 Bf7 36. Nf2 Kf6 37. Nd1 a4 38. bxa4 Bxa2 39. Nc3 Ne6+ 40. Ke3 Bb3 41. Bb5 Nc7 42. Bd7 Nd5+ 43. Nxd5+ Bxd5 44. h3 h5 45. g3 Bb3 46. g4 fxg4 47. hxg4 hxg4 48. Bxg4 1/2-1/2

[Event "Beijing (open) 71/612"]
[Site "?"]
[Date "1997.??.??"]
[Round "?"]
[White "Ye Jiangchuan"]
[Black "Peng Xiaomin"]
[Result "1-0"]
[WhiteElo "2530"]
[BlackElo "2530"]
[PlyCount "73"]
[EventDate "1997.??.??"]
[Source "ChessBase"]
[SourceDate "1997.10.01"]

1. Nf3 Nf6 2. c4 g6 3. Nc3 Bg7 4. e4 d6 5. d4 O-O 6. Be2 e5 7. O-O Nbd7 8. Re1 h6 9. d5 Ne8 10. g3 a5 11. Nh4 Nc5 12. Be3 Bd7 13. Qc2 Kh7 14. Rad1 b6 15. b3 Bf6 16. Ng2 Bg7 17. f3 f5 18. exf5 gxf5 19. a3 a4 20. b4 Nb3 21. Nh4 Qf6 22. Nb5 Rf7 23. f4 Bf8 24. fxe5 dxe5 25. Rf1 e4 26. Kh1 Nd6 27. Bh5 Bxb5 28. cxb5 Rg7 29. Qc6 Rd8 30. Nxf5 Qxf5 31. Rxf5 Nxf5 32. Qf6 Nxe3 33. Qxd8 Nxd1 34. Qxf8 Nc3 35. Qf5+ Kg8 36. Qe6+ Kh7 37. Qe5 1-0

[Event "Rishon_le_Zion"]
[Site "?"]
[Date "1995.??.??"]
[Round "?"]
[White "Mikhalevski, V."]
[Black "Sutovskij, E."]
[Result "1-0"]
[WhiteElo "2525"]
[BlackElo "2530"]
[PlyCount "41"]
[EventDate "1995.??.??"]
[Source "ChessBase"]
[SourceDate "1995.06.01"]

1. Nf3 Nf6 2. c4 g6 3. Nc3 Bg7 4. e4 d6 5. d4 O-O 6. Be2 e5 7. O-O Nbd7 8. Re1 c6 9. Bf1 exd4 10. Nxd4 Re8 11. Rb1 Ng4 12. Qxg4 Bxd4 13. Qd1 Qf6 14. Be3 Bxc3 15. bxc3 Rxe4 16. Qd2 Nf8 17. Bg5 Qe5 18. Rxe4 Qxe4 19. Re1 Qf5 20. Re8 Qd7 21. Rd8 1-0

[Event "Rishon Le Zion"]
[Site "Rishon Le Zion"]
[Date "1995.??.??"]
[Round "?"]
[White "Mikhalevski, Victor"]
[Black "Sutovsky, Emil"]
[Result "1-0"]
[WhiteElo "2525"]
[BlackElo "2530"]
[PlyCount "41"]
[EventDate "1995.??.??"]
[Source "www.chesslib.no"]
[SourceDate "2004.05.04"]

1. Nf3 Nf6 2. c4 g6 3. Nc3 Bg7 4. e4 d6 5. d4 O-O 6. Be2 e5 7. O-O Nbd7 8. Re1 c6 9. Bf1 exd4 10. Nxd4 Re8 11. Rb1 Ng4 12. Qxg4 Bxd4 13. Qd1 Qf6 14. b3 Bxc3 15. h4 Nb8 16. Qd3 Bxe1 17. e5 Qxe5 18. Qxd6 Qf6 19. Bd2 Re5 20. Qc7 Rb5 21. Qg3 1-0

[Event "Team ch (1. league)"]
[Site "?"]
[Date "1997.??.??"]
[Round "3"]
[White "Miladinovic Igor"]
[Black "Djuric Stefan"]
[Result "0-1"]
[WhiteElo "2510"]
[BlackElo "2535"]
[PlyCount "66"]
[EventDate "1997.??.??"]
[Source "www.chesslib.no"]
[SourceDate "2004.05.04"]

1. d4 g6 2. c4 Nf6 3. Nc3 Bg7 4. e4 O-O 5. Nf3 d6 6. Be2 c6 7. O-O e5 8. Re1 Nbd7 9. Bf1 Qe7 10. Rb1 Nh5 11. Bg5 f6 12. Be3 Kh8 13. b4 exd4 14. Nxd4 Ne5 15. Be2 Qf7 16. Rc1 a5 17. bxa5 Rxa5 18. Nb3 Ra8 19. f4 Nxc4 20. Bxc4 Qxc4 21. g4 Bxg4 22. Qxg4 f5 23. Qg2 Qb4 24. Kh1 Qb6 25. e5 Rfd8 26. Bf2 Rd7 27. Be3 d5 28. Rf1 Qc5 29. Rf2 Rxa2 30. Qg5 Rb2 31. Na4 Re2 32. Qg1 Nf6 33. Qg3 h6 0-1

[Event "Cannes"]
[Site "?"]
[Date "1993.??.??"]
[Round "?"]
[White "Sellos, D."]
[Black "Akopian, V."]
[Result "0-1"]
[WhiteElo "2425"]
[BlackElo "2615"]
[PlyCount "56"]
[EventDate "1993.??.??"]
[Source "ChessBase"]
[SourceDate "1993.02.01"]

1. Nf3 Nf6 2. c4 g6 3. Nc3 Bg7 4. e4 d6 5. d4 O-O 6. Be2 Nbd7 7. O-O e5 8. Re1 c6 9. Bf1 exd4 10. Nxd4 Re8 11. Rb1 Ng4 12. Qxg4 Bxd4 13. Qg3 Nf6 14. Qd3 Be5 15. f4 Bxc3 16. bxc3 Nxe4 17. Ba3 Bf5 18. Rb2 Qa5 19. Bb4 Qb6+ 20. Qe3 c5 21. Ba3 Qa6 22. Rb3 Nf6 23. Qd2 Rxe1 24. Qxe1 Re8 25. Qh4 Ng4 26. h3 Ne3 27. g4 Nxf1 28. gxf5 Nd2 0-1

[Event "Samara (Russia)"]
[Site "?"]
[Date "2004.03.07"]
[Round "6"]
[White "Kryakvin Dmitry"]
[Black "Khismatullin Denis"]
[Result "1-0"]
[WhiteElo "2487"]
[BlackElo "2552"]
[PlyCount "87"]
[EventDate "2004.??.??"]
[Source "www.chesslib.no"]
[SourceDate "2004.05.04"]

1. d4 Nf6 2. c4 g6 3. Nc3 Bg7 4. e4 O-O 5. Nf3 d6 6. Be2 e5 7. O-O Nbd7 8. Re1 c6 9. Bf1 a6 10. a3 b5 11. d5 cxd5 12. cxd5 Nb6 13. Na2 Bd7 14. Nb4 Qb8 15. b3 Rc8 16. Bd2 Qb7 17. Qe2 Nh5 18. Rac1 f5 19. Ng5 Nf4 20. Bxf4 exf4 21. Nc6 Bf6 22. Na5 Qa7 23. Ne6 Bxe6 24. dxe6 Bc3 25. Rxc3 Rxc3 26. exf5 Qe7 27. Qd2 Rac8 28. Qd4 gxf5 29. Qxb6 Rc1 30. Rxc1 Rxc1 31. Qxa6 Qxe6 32. Qxb5 Qe1 33. b4 Rd1 34. Nb3 Qc3 35. Na5 Qe1 36. Nc6 Rd2 37. Qc4+ Kh8 38. Qxf4 Rd1 39. Qc4 d5 40. Qb5 Kg7 41. a4 Kf6 42. Nd4 Rxd4 43. Qb6+ Ke5 44. Qb8+ 1-0

[Event "Tehran 75/525"]
[Site "?"]
[Date "1999.??.??"]
[Round "?"]
[White "Maksimenko, Andrei"]
[Black "Saltaev, Mihail"]
[Result "1-0"]
[WhiteElo "2524"]
[BlackElo "2504"]
[PlyCount "121"]
[EventDate "1999.??.??"]
[Source "ChessBase"]
[SourceDate "1999.02.01"]

1. d4 Nf6 2. c4 g6 3. Nf3 Bg7 4. Nc3 O-O 5. e4 d6 6. Be2 e5 7. O-O Nbd7 8. Re1 c6 9. Bf1 exd4 10. Nxd4 Ng4 11. Qxg4 Bxd4 12. Qd1 Qf6 13. Be3 Bxe3 14. Rxe3 Ne5 15. Qd2 h5 16. Rd1 Be6 17. b3 Rad8 18. Be2 Bg4 19. f3 Bc8 20. g3 h4 21. f4 Ng4 22. Rd3 hxg3 23. hxg3 Qh8 24. Bf3 Kg7 25. Qg2 Qh5 26. e5 f6 27. exf6+ Rxf6 28. Ne4 Rf7 29. Qb2+ Kg8 30. Rxd6 Rdf8 31. Ng5 Re7 32. Rd8 Rfe8 33. Rxe8+ Rxe8 34. b4 Qh6 35. c5 Qf8 36. Qb3+ Kg7 37. Ne4 Bf5 38. Qc3+ Kh7 39. Bxg4 Rxe4 40. Bxf5 gxf5 41. Rd7+ Re7 42. Qd3 Rxd7 43. Qxd7+ Kg6 44. Qe6+ Kg7 45. Kg2 a5 46. Qd7+ Kf6 47. Qd4+ Kg6 48. bxa5 Qf7 49. Qd6+ Kh7 50. Kg1 Qe8 51. Qe5 Qd7 52. Kg2 Kg6 53. Qd6+ Qxd6 54. cxd6 Kf6 55. g4 fxg4 56. Kg3 Ke6 57. Kxg4 Kxd6 58. Kf3 Ke6 59. Ke4 c5 60. Kd3 Kd5 61. a3 1-0

[Event "RUS-ch 54th"]
[Site "Elista"]
[Date "2001.05.06"]
[Round "6"]
[White "Iljushin, Alexei"]
[Black "Arbakov, Valentin"]
[Result "1-0"]
[WhiteElo "2536"]
[BlackElo "2491"]
[PlyCount "139"]
[EventDate "2001.04.29"]
[Source "ChessBase"]
[SourceDate "2001.07.05"]

1. d4 Nf6 2. c4 d6 3. Nc3 Nbd7 4. Nf3 e5 5. e4 g6 6. Be2 Bg7 7. O-O O-O 8. Re1 Re8 9. Bf1 c6 10. d5 c5 11. a3 Rf8 12. b4 b6 13. Rb1 h6 14. g3 a6 15. Bg2 Ne8 16. Nh4 Kh7 17. Qd3 Bf6 18. Nf3 Bg7 19. Nh4 Ra7 20. Bd2 Nef6 21. Bf3 Ng8 22. Bd1 Ndf6 23. bxc5 bxc5 24. Na4 Bh3 25. Rb6 Qe7 26. Qb1 Nd7 27. Rb7 Rfa8 28. Rxa7 Rxa7 29. Re3 h5 30. Rb3 Bh6 31. Ba5 Ngf6 32. f3 Kg7 33. Ng2 Ne8 34. Bc2 Qg5 35. Nb2 Kh7 36. Nd1 Nf8 37. Nf2 Bd7 38. Rb8 h4 39. gxh4 Qf6 40. Bb6 Rc7 41. Bxc7 Nxc7 42. Bd1 Ne8 43. Qb6 Bd2 44. Qd8 Qxd8 45. Rxd8 Kg7 46. Nd3 a5 47. f4 exf4 48. e5 Bc3 49. e6 Bd4+ 50. Kf1 fxe6 51. dxe6 Bxe6 52. Rxe8 Bxc4 53. Ngxf4 Bf7 54. Rc8 c4 55. Ne1 Be5 56. Neg2 Bb2 57. a4 Nd7 58. Rd8 Nc5 59. Rxd6 Be5 60. Rc6 Nb3 61. Ne6+ Kh6 62. Ngf4 Be8 63. Rc8 Bd7 64. Rg8 Kh7 65. Rf8 Bxa4 66. h5 gxh5 67. Bc2+ Kh6 68. Rf5 Bxf4 69. Nxf4 Bd7 70. Rxh5+ 1-0

[Event "New York op"]
[Site "New York"]
[Date "1987.??.??"]
[Round "?"]
[White "Ivkov, Borislav"]
[Black "Lobron, Eric"]
[Result "0-1"]
[WhiteElo "2480"]
[BlackElo "2540"]
[PlyCount "92"]
[EventDate "1987.04.??"]
[Source "ChessBase"]

1. Nf3 Nf6 2. c4 d6 3. d4 Nbd7 4. Nc3 e5 5. e4 c6 6. Be2 g6 7. O-O Bg7 8. Re1 O-O 9. Bf1 a6 10. Rb1 h6 11. dxe5 dxe5 12. b4 Qe7 13. c5 Rd8 14. Qc2 a5 15. a3 Nf8 16. Na4 axb4 17. axb4 Ra7 18. Bb2 N6h7 19. Nb6 Bg4 20. Nd2 h5 21. Ndc4 h4 22. h3 Be6 23. Rbd1 Rb8 24. Qd2 Ng5 25. Qd6 Qxd6 26. Nxd6 Ra2 27. Bc3 Nfh7 28. Bc4 Bxc4 29. Ndxc4 Rc2 30. Bxe5 Bxe5 31. Nxe5 Re8 32. Nbc4 Nf6 33. f3 Nh5 34. Ne3 Rb2 35. Nd3 Rb3 36. Nc4 Ra8 37. Na5 Rd8 38. Ne5 Rxd1 39. Rxd1 Rxb4 40. Nd3 Rb5 41. Nc4 Ne6 42. Nd6 Rb3 43. Rd2 Nhf4 44. Nxf4 Nxf4 45. Ra2 Nd3 46. Kf1 Rb1+ 0-1

[Event "Alicante op 5th"]
[Site "Alicante"]
[Date "2001.11.02"]
[Round "7"]
[White "Hoffman, Alejandro"]
[Black "Movsziszian, Karen"]
[Result "0-1"]
[WhiteElo "2506"]
[BlackElo "2511"]
[PlyCount "60"]
[EventDate "2001.10.27"]
[Source "ChessBase"]
[SourceDate "2002.01.21"]

1. d4 d6 2. c4 Nd7 3. Nc3 e5 4. Nf3 Ngf6 5. e4 g6 6. Be2 Bg7 7. O-O O-O 8. Re1 c6 9. Bf1 h6 10. Rb1 a5 11. b3 exd4 12. Nxd4 Re8 13. Bb2 Nc5 14. f3 Nh5 15. Nce2 d5 16. exd5 cxd5 17. g4 dxc4 18. bxc4 Nf6 19. Qc2 Bxg4 20. fxg4 Nxg4 21. Nf3 Ne3 22. Qd2 Bxb2 23. Qxb2 Nd3 24. Qxb7 Nxe1 25. Rxe1 Rb8 26. Qa7 Nxf1 27. Kxf1 Qd3 28. Nfg1 Qxc4 29. Qxa5 Rb5 30. Qd2 Rf5+ 0-1

[Event "Decin"]
[Site "?"]
[Date "1979.??.??"]
[Round "6"]
[White "Hort Vlastimil"]
[Black "Lechtynsky Jiri"]
[Result "1/2-1/2"]
[WhiteElo "2600"]
[BlackElo "2415"]
[PlyCount "37"]
[EventDate "1979.??.??"]
[Source "www.chesslib.no"]
[SourceDate "2004.05.04"]

1. d4 Nf6 2. c4 d6 3. Nc3 Nbd7 4. e4 e5 5. Nf3 g6 6. Be2 Bg7 7. O-O O-O 8. Re1 Re8 9. d5 a5 10. Be3 Ng4 11. Bd2 Nc5 12. h3 Nf6 13. Bf1 c6 14. b3 Bd7 15. Qc2 Rc8 16. Rac1 cxd5 17. cxd5 b5 18. Qb1 b4 19. Nd1 1/2-1/2

[Event "City-Ch, St. Petersb"]
[Site "?"]
[Date "1998.??.??"]
[Round "9"]
[White "Ivanov Sergey"]
[Black "Kochyev Alexander"]
[Result "0-1"]
[WhiteElo "2570"]
[BlackElo "2430"]
[PlyCount "68"]
[EventDate "1998.??.??"]
[Source "www.chesslib.no"]
[SourceDate "2004.05.04"]

1. d4 Nf6 2. c4 d6 3. Nc3 Nbd7 4. Nf3 g6 5. e4 e5 6. Be2 Bg7 7. O-O O-O 8. Re1 c6 9. Bf1 Qb6 10. d5 Nc5 11. Rb1 cxd5 12. cxd5 Ng4 13. Be3 Nxe3 14. Rxe3 Bh6 15. Re1 f5 16. Bd3 Nxd3 17. Qxd3 Bd7 18. h4 Rac8 19. Qe2 Qd8 20. Rbd1 a6 21. g3 b5 22. a3 f4 23. Kg2 Qb6 24. Rd3 fxg3 25. Qf1 a5 26. Rd2 b4 27. axb4 Rc6 28. Rde2 Bc8 29. Ra1 Rc7 30. Qb1 Ba6 31. Rd2 Bc8 32. Rxa5 Qb8 33. Rb5 Qa7 34. Qc2 Qb6 0-1

[Event "Romania"]
[Site "?"]
[Date "1999.??.??"]
[Round "?"]
[White "Nisipeanu, L._D."]
[Black "Chernov, Va"]
[Result "1-0"]
[WhiteElo "2580"]
[BlackElo "2420"]
[PlyCount "63"]
[EventDate "1999.??.??"]
[Source "Chess Informant"]
[SourceDate "1999.10.01"]

1. d4 Nf6 2. c4 d6 3. Nc3 Nbd7 4. e4 e5 5. Nf3 g6 6. Be2 Bg7 7. O-O O-O 8. Re1 Re8 9. Bf1 a6 10. d5 a5 11. Bd3 Nh5 12. Be3 Bf6 13. a3 Be7 14. b4 Ng7 15. Qc2 b6 16. Nb5 Rf8 17. c5 dxc5 18. bxc5 Bxc5 19. Bxc5 bxc5 20. Qc3 f6 21. a4 Ne8 22. Nd2 Nd6 23. Nb3 Nb7 24. Bf1 Kg7 25. g3 Nb8 26. Nxc5 c6 27. dxc6 Nxc6 28. Ne6+ Bxe6 29. Qxc6 Qc8 30. Nc7 Bf7 31. Qb6 Rb8 32. Na6 1-0

[Event "Chania op 7th"]
[Site "Chania"]
[Date "1997.09.08"]
[Round "6"]
[White "Zahariev, Zahari"]
[Black "Nenashev, Alexander"]
[Result "1/2-1/2"]
[WhiteElo "2410"]
[BlackElo "2585"]
[PlyCount "135"]
[EventDate "1997.09.03"]
[Source "www.chesslib.no"]
[SourceDate "2004.05.04"]

1. e4 c6 2. c4 e5 3. Nf3 d6 4. d4 Nd7 5. Be2 Ngf6 6. Nc3 g6 7. O-O Bg7 8. Re1 O-O 9. Bf1 exd4 10. Nxd4 Ng4 11. Qxg4 Bxd4 12. Be3 Nf6 13. Qh4 Bxe3 14. Rxe3 Ng4 15. Qxd8 Rxd8 16. Rd3 Be6 17. Rd2 Kf8 18. b3 g5 19. f3 Ne5 20. Kf2 Ke7 21. Rad1 Rd7 22. Be2 Rf8 23. g3 f5 24. exf5 Bxf5 25. Ke3 Rf6 26. Rg1 Kd8 27. h4 Re7 28. Kf2 gxh4 29. g4 Bxg4 30. Ne4 Rf8 31. Rxd6+ Kc7 32. Rf6 Rxf6 33. Nxf6 Bf5 34. Rh1 Rf7 35. Ng8 Be4 36. Nh6 Rf8 37. Rxh4 Bxf3 38. Bxf3 Nxf3 39. Rh5 Nd4+ 40. Ke3 Nc2+ 41. Kd2 Nb4 42. a3 Na6 43. Ng4 Rf7 44. Kc3 Nb8 45. Ne5 Rg7 46. c5 Nd7 47. Nxd7 Kxd7 48. Rh6 Ke7 49. b4 Kf7 50. a4 Rg3+ 51. Kc4 Kg7 52. Rd6 Rg4+ 53. Kb3 Rf4 54. b5 Rf6 55. Rd7+ Rf7 56. Rd6 Rf6 57. Rd7+ Rf7 58. Rd6 h5 59. bxc6 bxc6 60. Rxc6 Rf6 61. Rc7+ Rf7 62. Rc8 h4 63. c6 Rf6 64. Rc7+ Kg6 65. Rxa7 Rxc6 66. Re7 Kg5 67. Re1 Kf6 68. Kb4 1/2-1/2